Convenio entre España y Portugal, fijando los derechos civiles de los ciudadanos respectivos, y las atribuciones de los agentes consulares destinados a protegerlos, firmado en Lisboa el 21 de febrero de 1870. (Record no. 42492)

MARC details
000 -LEADER
campo de control de longitud fija 00879nam a2200229 i 4500
001 - NÚMERO DE CONTROL
campo de control 42492
003 - IDENTIFICADOR DE NÚMERO DE CONTROL
campo de control ES-MaACL
005 - FECHA Y HORA DE LA ÚLTIMA TRANSACCIÓN
campo de control 20250827062559.0
007 - CAMPO FIJO DE DESCRIPCIÓN FÍSICA--INFORMACIÓN GENERAL
campo de control de longitud fija t|
008 - DATOS DE LONGITUD FIJA--INFORMACIÓN GENERAL
campo de control de longitud fija 030401q1870 sp ||||1| spa d
110 1# - ENTRADA PRINCIPAL--NOMBRE DE ENTIDAD CORPORATIVA
Nombre de entidad corporativa o nombre de jurisdicción como elemento de entrada España
9 (RLIN) 3622
240 10 - TÍTULO UNIFORME
Título uniforme Tratados, etc., Portugal, 1870
245 10 - MENCIÓN DEL TÍTULO
Título Convenio entre España y Portugal, fijando los derechos civiles de los ciudadanos respectivos, y las atribuciones de los agentes consulares destinados a protegerlos, firmado en Lisboa el 21 de febrero de 1870.
260 ## - PUBLICACIÓN, DISTRIBUCIÓN, ETC.
Lugar de publicación, distribución, etc. [Madrid :
Nombre del editor, distribuidor, etc. s.n.,
Fecha de publicación, distribución, etc. ca. 1870]
300 ## - DESCRIPCIÓN FÍSICA
Extensión 20 p. ;
Dimensiones 27 cm.
500 ## - NOTA GENERAL
Nota general Ejempl. sin portada; datos tomados de p. 1.
546 ## - NOTA DE IDIOMA
Nota de lengua/lenguaje Texto en español y portugués.
650 00 - PUNTO DE ACCESO ADICIONAL DE MATERIA--TÉRMINO DE MATERIA
Término de materia o nombre geográfico como elemento de entrada Derechos políticos y civiles-
Subdivisión geográfica España.
9 (RLIN) 11781
650 ## - PUNTO DE ACCESO ADICIONAL DE MATERIA--TÉRMINO DE MATERIA
Término de materia o nombre geográfico como elemento de entrada Derechos políticos y civiles-
Subdivisión geográfica Portugal.
9 (RLIN) 153851
852 ## - LOCALIZACIÓN
Ubicación ES-MaACL
Número de control de estantería T-500-F-14
Holdings
Estatus retirado Estado de pérdida Estado de daño No para préstamo Colección Biblioteca de origen Biblioteca actual Ubicación en estantería Fecha de adquisición Fuente de adquisición Total de préstamos Signatura topográfica completa Código de barras Visto por última vez Precio de reemplazo Tipo de ítem Koha
        Colección de folletos Biblioteca del Ateneo de Madrid Biblioteca del Ateneo de Madrid Depósito folletos 17/01/2008     T-500-F-14 1044732 23/02/2023 23/02/2023 Folleto